| 000 | 00428nam a2200169Ia 4500 | ||
|---|---|---|---|
| 003 | GCL | ||
| 008 | 140319s9999 xx 000 0 eng d | ||
| 040 |
_aGCL / _cGCL |
||
| 082 | 0 | 4 |
_a863.01 _bB C |
| 100 | 1 | _aBLANCA, TOSE | |
| 245 | 1 | 0 |
_aCARTAS DE ESPANA / _cBLANCA, TOSE |
| 260 |
_a[S.N] : _bEL LIBRO DE BOLSILLO ، _c1986 |
||
| 300 | _a392 | ||
| 650 | 0 | 4 | _aSPANISH LANGUAGE |
| 650 | 0 | 4 | _aSPANISH LITERATURE |
| 942 |
_2ddc _cBK |
||
| 999 |
_c10429 _d10429 |
||